Một vài quan sát về giới từ trong quan hệ chủ cách - tặng cách (đích) tiếng Việt /

محفوظ في:
التفاصيل البيبلوغرافية
المؤلف الرئيسي: Nguyễn Văn Phổ
التنسيق: مقال
اللغة:Vietnamese
الموضوعات:
الوسوم: إضافة وسم
لا توجد وسوم, كن أول من يضع وسما على هذه التسجيلة!
Thư viện lưu trữ: Thư viện Trường Đại học Đà Lạt
LEADER 00791nam a2200277 4500
001 DLU060052595
040 # # |a DLU  |b vie 
041 # # |a vie 
044 # # |a vn 
100 # # |a Nguyễn Văn Phổ 
245 # # |a Một vài quan sát về giới từ trong quan hệ chủ cách - tặng cách (đích) tiếng Việt /  |c Nguyễn Văn Phổ 
653 # # |a Động từ 
653 # # |a Cấu trúc câu 
653 # # |a Giới từ 
773 # # |t Ngôn ngữ  |g Số 5, 2004, tr.15-24 
920 # # |a Phòng Tạp chí -- Trung tâm Thông tin - Thư viện Trường Đại học Đà Lạt 
933 # # |a CT, TN 
994 # # |a DLU 
900 # # |a True 
911 # # |a Nguyễn Thị Yên 
925 # # |a G 
926 # # |a A 
927 # # |a BB 
980 # # |a Thư viện Trường Đại học Đà Lạt